The Harry Potter Books Picture Quiz - Statistics

General Stats
  • This quiz has been taken 98 times
  • The average score is 26 of 30
Answer Stats
Picture Hint Answer % Correct
Who is this Hogwarts headmaster? Albus Dumbledore
99%
Who is this brilliant young muggle-born witch? Hermione Granger
99%
Who is this red-headed boy? Ron Weasley
99%
Who is this spoiled Slytherin house student? Draco Malfoy
97%
Who is this white owl? Hedwig
97%
What sport are these people watching? Quidditch
96%
Who is this half-giant groundskeeper? Rubeus Hagrid
96%
Who is this potions professor? Severus Snape
96%
Who is this house elf? Dobby
95%
What is the name of this train? The Hogwarts Express
95%
Who is this poor ghost with his head barely attached? Nicholas de Mimsy-Portpington
94%
Who is this magical item of clothing? The Sorting Hat
94%
What is the name of this three-headed dog? Fluffy
92%
What is this flying ball? The Golden Snitch
92%
What is this soul-sucking creature? Dementor
90%
Who is this Ministery of Magic under-secretary (who looks like a toad)? Dolores Umbridge
90%
Who is this Defense Against the Dark Arts professor? Quirinus Quirrell
89%
Who is this ethically dubious author and reporter? Rita Skeeter
89%
Who is this herbology professor? Pomona Sprout
86%
What is the name of this vehicle? The Knight Bus
86%
Who is this magical bird? Fawkes
85%
What type of charm is Harry Potter casting? Patronus Charm
85%
Who is this hippogriff? Buckbeak
82%
Who is this Auror and Order of the Pheonix member? Alastor "Mad-Eye" Moody
81%
Who is this giant acromantula? Aragog
80%
From which all-girls academy is this group of students visiting? Beauxbatons Academy of Magic
73%
What would you buy in this shop? Books
72%
What is this symbol called? The Dark Mark
72%
What is the name of this pub? The Leaky Cauldron
70%
What are these magically reanimated corpses? Inferius
53%
No matching quizzes found
Score Distribution
Percent of People with Each Score
Percentile by Number Answered
Your Score History
You have not taken this quiz